La Educación Superior en Guatemala

Enregistré dans:
Détails bibliographiques
Auteur principal: González Orellana, Carlos
Collectivité auteur: CSUCA
Format: Texte
Publié: San José: CSUCA
Tags: Ajouter un tag
Pas de tags, Soyez le premier à ajouter un tag!

MARC

LEADER 00000 a a2200000 04500
001 20955
003
040
090 |a 090000  
100 |a González Orellana, Carlos  
110 |a CSUCA  
245 |a La Educación Superior en Guatemala  
260 |a San José:   |b CSUCA  
300 |a 66 p; v. 1  
999 |c 16535  |d 16535